Kainuun kunnat - Statistics

Yleistilastot
  • Tätä visaa on pelattu 39 kertaa
  • Keskiarvotulos 6 / 8
Vastaustilastot
Kainuu Kunta % Oikein
1 Kajaani
100%
2 Sotkamo
85%
7 Hyrynsalmi
80%
3 Paltamo
70%
5 Ristijärvi
70%
4 Suomussalmi
70%
8 Kuhmo
65%
6 Puolanka
65%
Ehtoja vastaavia visoja ei löytynyt
Tulosjakauma
Jokaisen tuloksen saaneiden osuus
Persentiili vastausten määrän mukaan
Tuloshistoriasi
Et ole pelannut tätä visaa